000 00298nam a22001337a 4500
008 170717b xxu||||| |||| 00| 0 eng d
020 _a9780800618995
041 _aeng
080 _a2
100 _a24
101 _aTEO
245 _aPAUL AND PALESTINIAN JUDAISM
_cSANDERS, E.P
942 _2udc
_cBK
999 _c21333
_d21333